[Event "Poronin Tatra Limba op-B"]
[Site "Poronin"]
[Date "2021.05.23"]
[Round "2.8"]
[White "Oglaza, Dawid"]
[Black "Malek, Szymon"]
[Result "1/2-1/2"]
[WhiteElo "1315"]
[BlackElo "1486"]
[PlyCount "157"]
[EventDate "2021.05.22"]
[EventType "swiss"]
[EventRounds "9"]
[EventCountry "POL"]
[SourceTitle "EXT 2022"]
[Source "ChessBase"]
[SourceDate "2021.10.06"]
[SourceVersion "1"]
[SourceVersionDate "2021.10.06"]
[SourceQuality "1"]

1. e4 e5 2. Nf3 Nf6 3. Nxe5 d6 4. Nf3 Nxe4 5. d3 Nf6 6. Be2 d5 7. 0-0 Bd6 8. Bg5 h6 9. Bh4 0-0 10. Nc3 c6 11. d4 Re8 12. h3 Nbd7 13. Bd3 b6 14. Ne2 Qc7 15. Bg3 Ne4 16. Bxd6 Qxd6 17. c4 Bb7 18. Rc1 Rac8 19. Re1 c5 20. b3 Qf6 21. cxd5 Bxd5 22. dxc5 Ndxc5 23. Ned4 Ng5 24. Rxe8+ Rxe8 25. Bb5 Rd8 26. Qe2 Nxf3+ 27. Nxf3 Bxf3 28. Qxf3 Qxf3 29. gxf3 Rd2 30. b4 Ne6 31. Bc4 Nf4 32. Kh2 Nd3 33. Bxd3 Rxd3 34. Kg3 Ra3 35. Rc2 g5 36. Rd2 Kg7 37. Rc2 Kg6 38. Rc6+ f6 39. Rc2 h5 40. Kg2 h4 41. Rd2 b5 42. Rc2 a6 43. Rd2 Ra4 44. Rb2 Kf5 45. Kf1 Kf4 46. Ke2 f5 47. Rc2 Rxb4 48. Rd2 a5 49. Rc2 a4 50. Rd2 a3 51. Kf1 Rb2 52. Rd3 Rxa2 53. Kg2 Ra1 54. Rb3 a2 55. Rb4+ Ke5 56. Rxb5+ Kd4 57. Ra5 Kc4 58. Ra8 Kd5 59. Ra5+ Ke6 60. Ra6+ Kf7 61. Ra7+ Kg6 62. Ra8 g4 63. fxg4 fxg4 64. Ra6+ Kg5 65. Ra5+ Kf4 66. Ra4+ Ke5 67. Ra5+ Ke4 68. Ra4+ Kd5 69. hxg4 Ke6 70. Ra6+ Kf7 71. g5 Kg7 72. f4 Kf7 73. f5 h3+ 74. Kh2 Rf1 75. Ra7+ Kg8 76. Rxa2 Rxf5 77. Kxh3 Rxg5 78. Rg2 Rxg2 79. Kxg2 1/2-1/2